[Event "AUT-chT2O 1516"]
[Site "Austria"]
[Date "2015.10.18"]
[Round "2.2"]
[White "Schwarhofer, Christopher"]
[Black "Rumpl, Erwin"]
[Result "1-0"]
[WhiteElo "2378"]
[BlackElo "2334"]
[PlyCount "53"]
[EventDate "2015.10.17"]
[EventType "team-tourn"]
[EventRounds "11"]
[EventCountry "AUT"]
[SourceTitle "CBM 168 Extra"]
[Source "ChessBase"]
[SourceDate "2015.10.29"]
[SourceVersion "1"]
[SourceVersionDate "2015.10.29"]
[SourceQuality "1"]
[WhiteTeam "Nickelsdorf Blackburne"]
[BlackTeam "Pressbaum"]
[WhiteTeamCountry "AUT"]
[BlackTeamCountry "AUT"]

1. e4 e6 2. d4 d5 3. Nd2 dxe4 4. Nxe4 Bd7 5. Nf3 Bc6 6. Bd3 Nd7 7. c4 Ngf6 8. Nc3 Be7 9. 0-0 0-0 10. Bc2 b6 11. Re1 Bb7 12. Qd3 Re8 13. Bf4 Rc8 14. Rad1 g6 15. d5 exd5 16. cxd5 Nh5 17. Bh6 Bf8 18. Bg5 Be7 19. h4 f6 20. Bh6 Bd6 21. g4 Ng7 22. h5 Nf8 23. Ne4 f5 24. Qc3 Re7 25. Nf6+ Kh8 26. Rxe7 Bxe7 27. Ne8 1-0

[Event "Niederoesterreich Landesliga 1415"]
[Site "Austria"]
[Date "2015.03.22"]
[Round "11.1"]
[White "Groetz, Harald"]
[Black "Rumpl, Erwin"]
[Result "1/2-1/2"]
[WhiteElo "2312"]
[BlackElo "2314"]
[PlyCount "112"]
[EventDate "2014.10.05"]
[EventType "team-tourn"]
[EventRounds "11"]
[EventCountry "AUT"]
[SourceTitle "EXT 2016"]
[Source "ChessBase"]
[SourceDate "2015.10.08"]
[SourceVersion "1"]
[SourceVersionDate "2015.10.08"]
[SourceQuality "1"]
[WhiteTeam "Stockerau II"]
[BlackTeam "Amstetten"]
[WhiteTeamCountry "AUT"]
[BlackTeamCountry "AUT"]

1. Nf3 g6 2. e4 c6 3. d4 d5 4. Nc3 dxe4 5. Nxe4 Nd7 6. Bc4 Ngf6 7. Nfg5 Nd5 8. Qf3 N7f6 9. Nxf6+ exf6 10. Qe2+ Be7 11. Nf3 0-0 12. 0-0 Re8 13. Re1 Bd7 14. c3 Bd6 15. Qc2 Rxe1+ 16. Nxe1 Qc7 17. g3 Re8 18. Ng2 Bf5 19. Bd3 Bxd3 20. Qxd3 f5 21. c4 Nf6 22. f3 Nh5 23. Bd2 Qd7 24. Re1 Rxe1+ 25. Bxe1 f4 26. g4 Ng7 27. Bc3 g5 28. d5 Bc5+ 29. Kf1 cxd5 30. cxd5 Ne8 31. h4 h6 32. b4 Be7 33. hxg5 hxg5 34. Ne1 a6 35. Bb2 Qb5 36. Qxb5 axb5 37. Nd3 Nc7 38. a3 Nxd5 39. Bd4 f6 40. Ke2 Kf7 41. Kd2 Ke6 42. Nf2 f5 43. Kd3 fxg4 44. Nxg4 Nf6 45. Nf2 Kd5 46. Bxf6 Bxf6 47. Ne4 Bb2 48. Nxg5 Bxa3 49. Kc3 Bc1 50. Ne4 Be3 51. Kd3 Ba7 52. Nc3+ Kc6 53. Ne2 Bb8 54. Nd4+ Kd5 55. Nxb5 Be5 56. Na3 Bd6 1/2-1/2

[Event "Niederoesterreich Landesliga 1415"]
[Site "Austria"]
[Date "2014.11.30"]
[Round "5.1"]
[White "Hofmann, Thomas"]
[Black "Rumpl, Erwin"]
[Result "1/2-1/2"]
[WhiteElo "2195"]
[BlackElo "2314"]
[PlyCount "120"]
[EventDate "2014.10.05"]
[EventType "team-tourn"]
[EventRounds "11"]
[EventCountry "AUT"]
[SourceTitle "EXT 2016"]
[Source "ChessBase"]
[SourceDate "2015.10.08"]
[SourceVersion "1"]
[SourceVersionDate "2015.10.08"]
[SourceQuality "1"]
[WhiteTeam "Mistelbach"]
[BlackTeam "Amstetten"]
[WhiteTeamCountry "AUT"]
[BlackTeamCountry "AUT"]

1. e4 e6 2. d4 d5 3. exd5 exd5 4. Nf3 Bd6 5. c4 c6 6. Bd3 Ne7 7. Nc3 dxc4 8. Bxc4 0-0 9. 0-0 Bf5 10. Bg5 h6 11. Bxe7 Qxe7 12. Re1 Qc7 13. Ne5 Nd7 14. f4 Rad8 15. Qh5 Bxe5 16. dxe5 Nb6 17. Bb3 Qc8 18. h3 Nd5 19. Nxd5 cxd5 20. Rac1 Qe6 21. Qf3 Qb6+ 22. Qf2 d4 23. g4 Be6 24. Bxe6 fxe6 25. Rcd1 Rd5 26. Re4 d3 27. Qxb6 axb6 28. Re3 Rxf4 29. Rdxd3 Rc5 30. Re2 Rfc4 31. Rd6 Rc6 32. Rdd2 Kh7 33. Kf2 Kg6 34. Kg3 h5 35. Rd7 hxg4 36. hxg4 Rb4 37. b3 Rc1 38. Re7 Rg1+ 39. Kf3 Rgxg4 40. Rxe6+ Kf5 41. Re7 Rgf4+ 42. Kg3 Rg4+ 43. Kf3 Rbf4+ 44. Ke3 Re4+ 45. Kd2 Rxe2+ 46. Kxe2 Rg2+ 47. Kf3 Rxa2 48. Rxb7 Ra6 49. e6 Kxe6 50. Rxg7 Kd5 51. Ke3 Kc5 52. Kd3 Kb4 53. Kc2 Ra2+ 54. Kb1 Rh2 55. Rg6 b5 56. Rg5 Rh3 57. Rg4+ Ka3 58. Rg1 b4 59. Rf1 Rxb3+ 60. Ka1 Rh3 1/2-1/2

[Event "AUT-chT2O 1415"]
[Site "Austria"]
[Date "2014.11.15"]
[Round "3.1"]
[White "Rumpl, Erwin"]
[Black "Hangweyrer, Manfred"]
[Result "1/2-1/2"]
[WhiteElo "2314"]
[BlackElo "2362"]
[PlyCount "36"]
[EventDate "2014.10.18"]
[EventType "team-tourn"]
[EventRounds "11"]
[EventCountry "AUT"]
[SourceTitle "CBM 163 Extra"]
[Source "ChessBase"]
[SourceDate "2014.12.23"]
[SourceVersion "1"]
[SourceVersionDate "2014.12.23"]
[SourceQuality "1"]
[WhiteTeam "Pressbaum"]
[BlackTeam "Austria"]
[WhiteTeamCountry "AUT"]
[BlackTeamCountry "AUT"]

1. Nf3 Nf6 2. g3 d5 3. Bg2 c6 4. 0-0 g6 5. b3 Bg7 6. Bb2 0-0 7. c4 Bg4 8. d3 Nbd7 9. Nbd2 Re8 10. Ne5 Nxe5 11. Bxe5 Qd7 12. Nf3 Bh3 13. Qc2 Bxg2 14. Kxg2 Ng4 15. Bxg7 Kxg7 16. cxd5 cxd5 17. Rac1 Rac8 18. Qb2+ Nf6 1/2-1/2

[Event "Niederoesterreich Landesliga 1415"]
[Site "Austria"]
[Date "2014.11.09"]
[Round "3.1"]
[White "Rumpl, Erwin"]
[Black "Buchnicek, Petr"]
[Result "1-0"]
[WhiteElo "2314"]
[BlackElo "2316"]
[PlyCount "81"]
[EventDate "2014.10.05"]
[EventType "team-tourn"]
[EventRounds "11"]
[EventCountry "AUT"]
[SourceTitle "EXT 2016"]
[Source "ChessBase"]
[SourceDate "2015.10.08"]
[SourceVersion "1"]
[SourceVersionDate "2015.10.08"]
[SourceQuality "1"]
[WhiteTeam "Amstetten"]
[BlackTeam "Zwettl II"]
[WhiteTeamCountry "AUT"]
[BlackTeamCountry "AUT"]

1. Nf3 d5 2. c4 c6 3. g3 Nf6 4. Bg2 Bg4 5. Ne5 Be6 6. cxd5 Bxd5 7. Nf3 c5 8. Nc3 Bc6 9. 0-0 e6 10. Re1 b5 11. b3 Be7 12. d4 0-0 13. Bb2 Qb6 14. dxc5 Bxc5 15. e3 Rd8 16. Qe2 Nbd7 17. Red1 e5 18. Ng5 Bxg2 19. Kxg2 h6 20. Nge4 Nxe4 21. Nxe4 Be7 22. Nc3 Qb7+ 23. Qf3 Qxf3+ 24. Kxf3 Rab8 25. Rac1 Bc5 26. Rd5 b4 27. Na4 Bb6 28. Rcd1 Nf6 29. Rxd8+ Bxd8 30. Bxe5 Rc8 31. Nb2 Kf8 32. Nc4 Be7 33. Bxf6 Bxf6 34. Rd7 Ra8 35. Na5 Ke8 36. Rb7 Bd8 37. Nc4 Be7 38. Na5 Bc5 39. Ke2 Bd6 40. Kd3 Rd8 41. Nc6 1-0

[Event "Niederoesterreich Landesliga 1415"]
[Site "Austria"]
[Date "2014.10.26"]
[Round "2.2"]
[White "Rumpl, Erwin"]
[Black "Plachetka, Jan"]
[Result "1-0"]
[WhiteElo "2314"]
[BlackElo "2362"]
[PlyCount "117"]
[EventDate "2014.10.05"]
[EventType "team-tourn"]
[EventRounds "11"]
[EventCountry "AUT"]
[SourceTitle "EXT 2016"]
[Source "ChessBase"]
[SourceDate "2015.10.08"]
[SourceVersion "1"]
[SourceVersionDate "2015.10.08"]
[SourceQuality "1"]
[WhiteTeam "Amstetten"]
[BlackTeam "Bad Voeslau/Kottingbrunn"]
[WhiteTeamCountry "AUT"]
[BlackTeamCountry "AUT"]

1. Nf3 d5 2. c4 e6 3. b3 Nf6 4. g3 Be7 5. Bg2 c5 6. 0-0 Nc6 7. Bb2 d4 8. e3 e5 9. exd4 exd4 10. d3 0-0 11. Na3 Bf5 12. Nc2 Nd7 13. b4 Bf6 14. h3 cxb4 15. Nfxd4 Nc5 16. Nxc6 bxc6 17. Bxf6 Qxf6 18. Nxb4 a5 19. Nxc6 Ra6 20. Qf3 Bxd3 21. Qxf6 gxf6 22. Rfe1 Kg7 23. Re3 Rc8 24. Ne7 Rb8 25. Rd1 Bb1 26. Rd5 Ne6 27. Rb5 Rxb5 28. cxb5 Rb6 29. a4 Bc2 30. Nc8 Rb8 31. Rc3 Bxa4 32. b6 Bd7 33. b7 Nd4 34. Rc7 Bb5 35. Nd6 Ba6 36. Rc5 Nb3 37. Rc8 Rxc8 38. bxc8Q Bxc8 39. Nxc8 a4 40. Bd5 Nc1 41. Nd6 a3 42. Nf5+ Kg6 43. Nd4 a2 44. Nc2 Ne2+ 45. Kf1 Nc3 46. Bc4 f5 47. Ke1 f4 48. gxf4 f5 49. Kd2 Ne4+ 50. Ke3 Nc3 51. f3 Kh5 52. Kd3 Nd1 53. Ke2 Nc3+ 54. Kd2 Nb1+ 55. Kd3 Na3 56. Bxa2 Nxc2 57. Kxc2 Kh4 58. Kd3 Kxh3 59. Bf7 1-0

[Event "AUT-chT2O 1415"]
[Site "Austria"]
[Date "2014.10.19"]
[Round "2.1"]
[White "Schmid, Thomas2222"]
[Black "Rumpl, Erwin"]
[Result "1/2-1/2"]
[WhiteElo "2193"]
[BlackElo "2314"]
[PlyCount "75"]
[EventDate "2014.10.18"]
[EventType "team-tourn"]
[EventRounds "11"]
[EventCountry "AUT"]
[SourceTitle "EXT 2015"]
[Source "ChessBase"]
[SourceDate "2014.11.20"]
[SourceVersion "1"]
[SourceVersionDate "2014.11.20"]
[SourceQuality "1"]
[WhiteTeam "Stockerau"]
[BlackTeam "Pressbaum"]
[WhiteTeamCountry "AUT"]
[BlackTeamCountry "AUT"]

1. e4 d5 2. exd5 Nf6 3. d4 Bg4 4. Nf3 Qxd5 5. Be2 Nc6 6. 0-0 0-0-0 7. Be3 Qh5 8. h3 Bxf3 9. Bxf3 Qb5 10. Nc3 Qxb2 11. Na4 Qa3 12. Nc5 Nd5 13. Bxd5 Rxd5 14. Qf3 e6 15. Qxf7 Bxc5 16. Qxe6+ Rd7 17. dxc5 Nd8 18. Qg4 Qa6 19. Rab1 Re8 20. Rfd1 Qe6 21. Rxd7 Qxd7 22. c6 Qxg4 23. cxb7+ Nxb7 24. hxg4 Re4 25. g5 Ra4 26. c3 Rxa2 27. Bd4 g6 28. Re1 Kd7 29. Bf6 a5 30. Re7+ Kc6 31. Rxh7 a4 32. Be5 Nd6 33. Bxd6 cxd6 34. Ra7 Kb6 35. Ra8 Kb7 36. Ra5 Kb6 37. Ra8 Kb7 38. Ra5 1/2-1/2

[Event "Niederoesterreich Landesliga 1415"]
[Site "Austria"]
[Date "2014.10.05"]
[Round "1.2"]
[White "Dornauer, Joachim"]
[Black "Rumpl, Erwin"]
[Result "0-1"]
[WhiteElo "2168"]
[BlackElo "2314"]
[PlyCount "114"]
[EventDate "2014.10.05"]
[EventType "team-tourn"]
[EventRounds "11"]
[EventCountry "AUT"]
[SourceTitle "EXT 2016"]
[Source "ChessBase"]
[SourceDate "2015.10.08"]
[SourceVersion "1"]
[SourceVersionDate "2015.10.08"]
[SourceQuality "1"]
[WhiteTeam "Boehlerwerk"]
[BlackTeam "Amstetten"]
[WhiteTeamCountry "AUT"]
[BlackTeamCountry "AUT"]

1. d4 c5 2. d5 d6 3. c4 g6 4. e4 Bg7 5. Nc3 e6 6. Nf3 Ne7 7. Be2 0-0 8. 0-0 exd5 9. cxd5 h6 10. Nd2 a6 11. a4 Nd7 12. Nc4 Nb6 13. Na3 g5 14. a5 Nd7 15. Nc4 Ne5 16. Nxe5 Bxe5 17. f4 gxf4 18. Bxf4 Ng6 19. Bxe5 Nxe5 20. Qd2 Kg7 21. Nd1 Qg5 22. Qxg5+ hxg5 23. Ne3 Rb8 24. Nc4 Nxc4 25. Bxc4 Re8 26. Rae1 Re5 27. Kf2 Bd7 28. Re3 Rbe8 29. Rfe1 Bb5 30. b3 Bd7 31. R1e2 Bg4 32. Re1 Bh5 33. h3 Bg6 34. Kf3 Rh8 35. Kf2 Rh4 36. g4 Rh8 37. R1e2 Rhe8 38. Kf3 Kf6 39. Re1 R5e7 40. Bf1 Rb8 41. Ra1 Ke5 42. Bc4 Ree8 43. Rae1 Rh8 44. Kg3 b5 45. axb6 Rxb6 46. Ra1 Ra8 47. Kf3 a5 48. Ra3 Rb4 49. Ra4 Rxa4 50. bxa4 Rb8 51. Bb5 Rh8 52. Bf1 Rc8 53. Ba6 Rc7 54. Bd3 Kd4 55. Bc2 c4 56. Ke2 Re7 57. Kf3 Rb7 0-1

[Event "AUT-chT2O 1314"]
[Site "Austria"]
[Date "2013.10.06"]
[Round "2.3"]
[White "Rumpl, Erwin"]
[Black "Weinzettl, Ernst"]
[Result "1/2-1/2"]
[WhiteElo "2308"]
[BlackElo "2312"]
[PlyCount "68"]
[EventDate "2013.10.05"]
[EventType "team-tourn"]
[EventRounds "11"]
[EventCountry "AUT"]
[SourceTitle "EXT 2014"]
[Source "ChessBase"]
[SourceDate "2013.11.20"]
[SourceVersion "1"]
[SourceVersionDate "2013.11.20"]
[SourceQuality "1"]
[WhiteTeam "Eichgraben"]
[BlackTeam "Poechlarn"]
[WhiteTeamCountry "AUT"]
[BlackTeamCountry "AUT"]

1. d4 Nf6 2. c4 g6 3. Nc3 Bg7 4. e4 d6 5. Nf3 0-0 6. Be2 e5 7. 0-0 Nc6 8. Be3 exd4 9. Nxd4 Re8 10. f3 Nh5 11. Qd2 f5 12. Nxc6 bxc6 13. Bg5 Bf6 14. Bxf6 Qxf6 15. Rad1 fxe4 16. Nxe4 Qe5 17. Rfe1 Bf5 18. Bf1 Bxe4 19. Rxe4 Qc5+ 20. Qd4 Qxd4+ 21. Rdxd4 c5 22. Rxe8+ Rxe8 23. Rd3 Rb8 24. Ra3 Rxb2 25. Rxa7 Ng7 26. Rxc7 Rxa2 27. Bd3 Ne6 28. Rd7 Nf4 29. Bf1 Rd2 30. g3 Ne6 31. f4 Nd4 32. Bg2 Rd1+ 33. Kf2 Rd2+ 34. Kg1 Rd1+ 1/2-1/2